00639nam a22002172 450000500170000000800340001701000140005102000260006502000230009103500130011403700150012704000180014208200110016010000190017124500450019026000410023530000270027650000200030360000470032365000510037020070419102910.0820323s1923 enk 000 0 eng  aENG-91958 a9788174875723c595.00 a8174875727c595.00 aEN-75491 bDBAD / PUB adplbEnglish  a882.08 aBradley, A.C.  aShakespearean tragedy /cby A.C. Bradley aNew Delhi bRadha Publicationsc2008 axi, 498p. c22 cm (Hb) aIncludes index  aShakespeare, William, 1546-1616xTragedies aEnglish drama (Tragedy)xHistory and criticism